Historia de Chamberí / (Record no. 5722)

MARC details
000 -LEADER
campo de control de longitud fija 00860nam a2200241 i 4500
001 - NÚMERO DE CONTROL
campo de control 5722
003 - IDENTIFICADOR DE NÚMERO DE CONTROL
campo de control ES-MaACL
005 - FECHA Y HORA DE LA ÚLTIMA TRANSACCIÓN
campo de control 20230906144655.0
007 - CAMPO FIJO DE DESCRIPCIÓN FÍSICA--INFORMACIÓN GENERAL
campo de control de longitud fija t|
008 - DATOS DE LONGITUD FIJA--INFORMACIÓN GENERAL
campo de control de longitud fija 890516s1988 sp ae |||| | spa d
020 ## - NÚMERO INTERNACIONAL ESTÁNDAR DEL LIBRO
Número Internacional Estándar del Libro 84-7812-021-1
080 ## - NÚMERO DE LA CLASIFICACIÓN DECIMAL UNIVERSAL
Número de la Clasificación Decimal Universal 9(464.1)"--/19"
245 00 - MENCIÓN DEL TÍTULO
Título Historia de Chamberí /
Mención de responsabilidad, etc. Elia Canosa Zamora ... [et al.].
260 ## - PUBLICACIÓN, DISTRIBUCIÓN, ETC.
Lugar de publicación, distribución, etc. Madrid :
Nombre del editor, distribuidor, etc. Ayuntamiento, Concejalía de Relaciones Institucionales y Comunicación,
Fecha de publicación, distribución, etc. 1988.
300 ## - DESCRIPCIÓN FÍSICA
Extensión 308 p., [1] h. de plano pleg. :
Otras características físicas principalmente il. ;
Dimensiones 27 cm.
651 ## - PUNTO DE ACCESO ADICIONAL DE MATERIA--NOMBRE GEOGRÁFICO
Nombre geográfico Chamberí (Madrid, Distrito)-
Subdivisión general Historia.
9 (RLIN) 167605
651 #4 - PUNTO DE ACCESO ADICIONAL DE MATERIA--NOMBRE GEOGRÁFICO
Nombre geográfico Barrios-
Subdivisión geográfica Madrid-
Subdivisión de forma Historia.
9 (RLIN) 194742
700 1# - ENTRADA AGREGADA--NOMBRE PERSONAL
Nombre de persona Canosa Zamora, Elia.
9 (RLIN) 34591
710 1# - ENTRADA AGREGADA--NOMBRE DE ENTIDAD CORPORATIVA
Nombre de entidad corporativa o nombre de jurisdicción como elemento de entrada Madrid.
Unidad subordinada Concejalía de Relaciones Institucionales y Comunicación.
9 (RLIN) 5621
852 ## - LOCALIZACIÓN
Ubicación ES-MaACL
Número de control de estantería L-12695
852 ## - LOCALIZACIÓN
Ubicación ES-MaACL
Número de control de estantería L-12694
Holdings
Estatus retirado Estado de pérdida Estado de daño No para préstamo Biblioteca de origen Biblioteca actual Ubicación en estantería Fecha de adquisición Fuente de adquisición Total de préstamos Signatura topográfica completa Código de barras Visto por última vez Precio de reemplazo Tipo de ítem Koha Fuente del sistema de clasificación o colocación Restricciones de uso
        Biblioteca del Ateneo de Madrid Biblioteca del Ateneo de Madrid Depósito 2 17/01/2008     L-12694 1005804 17/06/2023 23/02/2023 Libro impreso    
        Biblioteca del Ateneo de Madrid Biblioteca del Ateneo de Madrid Depósito 2 17/01/2008     L-12695 1005803 23/02/2023 23/02/2023 Libro impreso Clasificación decimal universal Duplicado